Fuerzas armadas: ¿Una institución en crisis?
Guardado en:
| Format: | Texto |
|---|---|
| Tags: |
Tilføj Tag
Ingen Tags, Vær først til at tagge denne postø!
|
MARC
| LEADER | 00000 a a2200000 04500 | ||
|---|---|---|---|
| 001 | 17600 | ||
| 003 | |||
| 040 | |||
| 245 | |a Fuerzas armadas: |b ¿Una institución en crisis? | ||
| 773 | |g volumen 16, número 151; páginas 5-6 | ||
| 999 | |c 25926 |d 25926 | ||
| 773 | 0 | |0 42391 |9 4264 |a Agencia Latinoamericana de Información, ALAI |d Quito, Ecuador: ALAI |o 07132 |t ALAI: |x 08275564 (Servicio mensual de información y documentación) | |
